000 00550nam a2200217Ia 4500
003 LK-CoUSC
008 240510s9999 xx 000 0 und d
020 _a9789551262266
041 _asih
082 _a891.483
082 _bD59
100 _aDOYLE,ARTHUR CONAN;Trans:MENDIS,CHANDANA
245 0 _aHadisi Anathura saha Thawath Sherlock Holmes Katha
260 _bKotte,Chandana Mendis
260 _c2014
300 _a263 p.
650 _aNovel
942 _2ddc
942 _cLBK
_2ddc
945 _a1
_bMadushi Gamage
_c2361
_dSanjeewa Udaya
999 _c29133
_d29133